Das Manufakturhaus auf dem Tabor in Wien. (Record no. 23664)

MARC details
000 -LEADER
fixed length control field 00835cam a22002171 4500
001 - CONTROL NUMBER
control field g 01001161
003 - CONTROL NUMBER IDENTIFIER
control field DLC
005 - DATE AND TIME OF LATEST TRANSACTION
control field 20260227111254.0
008 - FIXED-LENGTH DATA ELEMENTS--GENERAL INFORMATION
fixed length control field 930120s1886 gw ef 000 0 ger
010 ## - LIBRARY OF CONGRESS CONTROL NUMBER
LC control number g 01001161
035 ## - SYSTEM CONTROL NUMBER
System control number (OCoLC)27296877
040 ## - CATALOGING SOURCE
Original cataloging agency DLC
Transcribing agency CU
Modifying agency CU
-- DLC
042 ## - AUTHENTICATION CODE
Authentication code premarc
050 00 - LIBRARY OF CONGRESS CALL NUMBER
Classification number HB41
Item number .S7 bd. 6, heft 1
100 1# - MAIN ENTRY--PERSONAL NAME
Personal name Hatschek, Hans J.
245 14 - TITLE STATEMENT
Title Das Manufakturhaus auf dem Tabor in Wien.
Remainder of title Ein beitrag zur österreichischen wirthschaftsgeschichte des 17. jahrhunderts,
Statement of responsibility, etc. von Hans J. Hatschek. Mit zwei plänen und einer abbildung des Manufakturhauses.
260 ## - PUBLICATION, DISTRIBUTION, ETC.
Place of publication, distribution, etc. Leipzig,
Name of publisher, distributor, etc. Duncker & Humblot,
Date of publication, distribution, etc. 1886.
300 ## - PHYSICAL DESCRIPTION
Extent viii, 89, [1] p.
Other physical details pl., 2 plans (1 double)
Dimensions 23 cm.
440 #0 - SERIES STATEMENT/ADDED ENTRY--TITLE
Title Staats- und socialwissenschaftliche forschungen,
Volume/sequential designation 6. bd. 1. hft.
650 #0 - SUBJECT ADDED ENTRY--TOPICAL TERM
Topical term or geographic name entry element Industries
Geographic subdivision Austria
General subdivision History.

No items available.

Powered by Koha